Geo: Earth and its materiality in the ceramics of Michael Rice (Record no. 6587)
[ view plain ]
| 000 -LEADER | |
|---|---|
| fixed length control field | 00592nam a2200181Ia 4500 |
| 001 - CONTROL NUMBER | |
| control field | 6587 |
| 008 - FIXED-LENGTH DATA ELEMENTS--GENERAL INFORMATION | |
| fixed length control field | 260622s9999 xx 000 0 und d |
| 020 ## - INTERNATIONAL STANDARD BOOK NUMBER | |
| International Standard Book Number | 9789948371564 |
| 245 #0 - TITLE STATEMENT | |
| Title | Geo: Earth and its materiality in the ceramics of Michael Rice |
| 260 ## - PUBLICATION, DISTRIBUTION, ETC. | |
| Place of publication, distribution, etc. | Sharjah; |
| Name of publisher, distributor, etc. | Maraya Art Centre; |
| Date of publication, distribution, etc. | 2019 |
| 300 ## - PHYSICAL DESCRIPTION | |
| Extent | 123p; |
| Dimensions | 24x19cm |
| 520 ## - SUMMARY, ETC. | |
| Summary, etc. | Contributos: Dr. Nina Heydemann, Fatima Al Mahmoud, Jacques Kaufmann, Michael Rice. |
| 546 ## - LANGUAGE NOTE | |
| Language note | English; Arabic |
| 650 ## - SUBJECT ADDED ENTRY--TOPICAL TERM | |
| Topical term or geographic name entry element | N4390-5098 Visual Arts- Exhibitions |
| 651 ## - SUBJECT ADDED ENTRY--GEOGRAPHIC NAME | |
| Geographic name | Ireland |
| 9 (RLIN) | 4916 |
| 655 ## - INDEX TERM--GENRE/FORM | |
| Genre/form data or focus term | Exhibition catalog |
| 9 (RLIN) | 8701 |
| 942 ## - ADDED ENTRY ELEMENTS (KOHA) | |
| Koha item type | Book |
| Withdrawn status | Lost status | Damaged status | Not for loan | Collection | Home library | Current library | Date acquired | Total Checkouts | Full call number | Barcode | Date last seen | Price effective from | Koha item type |
|---|---|---|---|---|---|---|---|---|---|---|---|---|---|
| Visual Arts | SAF Reference Library | SAF Reference Library | 06/22/2026 | N4390-5098 181.206 | 6587 | 06/22/2026 | 06/22/2026 | Book |